Polska - Irlandia 11.10.2015 - Statystyki

Ogólne statystyki
  • Ten quiz został rozwiązany 31 razy
  • Średni wynik to 12 z 14
Statystyki odpowiedzi
Pozycja Klub Odpowiedź % Poprawnych
Bramkarz Swansea City Łukasz Fabiański
100%
Napastnik Bayern Monachium Robert Lewandowski
100%
Pomocnik Sevilla Grzegorz Krychowiak
97%
Obrońca Torino Kamil Glik
97%
Obrońca Borussia Dortmund Łukasz Piszczek
97%
Obrońca Legia Warszawa Michał Pazdan
97%
Skrzydłowy (zmiennik) Fiorentina Jakub Błaszczykowski
87%
Skrzydłowy Stade Rennais Kamil Grosicki
83%
Obrońca Lechia Gdańsk Jakub Wawrzyniak
80%
Pomocnik Wisła Kraków Krzysztof Mączyński
80%
Obrońca (zmiennik) Osmanlispor Łukasz Szukała
67%
Obrońca/Skrzydłowy 1. FC Köln Paweł Olkowski
67%
Pomocnik Lech Poznań Karol Linetty
60%
Pomocnik (zmiennik) Legia Warszawa Tomasz Jodłowiec
43%
Nie znaleziono quizów pasujących do podanych kryteriów
Rozkład punktacji
Procent ludzi z każdym wynikiem
Percentyl według liczby udzielonych odpowiedzi
Twoja historia wyników
Nie rozwiązałeś tego quizu